Linguistic anthropology : (Record no. 19647)

MARC details
000 -LEADER
fixed length control field 01105cam a22002894a 4500
001 - CONTROL NUMBER
control field 15581255
003 - CONTROL NUMBER IDENTIFIER
control field OSt
005 - DATE AND TIME OF LATEST TRANSACTION
control field 20211123101145.0
008 - FIXED-LENGTH DATA ELEMENTS--GENERAL INFORMATION
fixed length control field 090109s2009 mauab b 001 0 eng
010 ## - LIBRARY OF CONGRESS CONTROL NUMBER
LC control number 2009000845
020 ## - INTERNATIONAL STANDARD BOOK NUMBER
International Standard Book Number 9781405126335 (hardcover : alk. paper)
020 ## - INTERNATIONAL STANDARD BOOK NUMBER
International Standard Book Number 9781405126328 (pbk. : alk. paper)
040 ## - CATALOGING SOURCE
Original cataloging agency DLC
Transcribing agency hu
Modifying agency DLC
050 00 - LIBRARY OF CONGRESS CALL NUMBER
Classification number P35
Item number .L48 2009
082 00 - DEWEY DECIMAL CLASSIFICATION NUMBER
Classification number 306.4/4089
Edition number 22
245 00 - TITLE STATEMENT
Title Linguistic anthropology :
Remainder of title a reader /
Statement of responsibility, etc. edited by Alessandro Duranti.
250 ## - EDITION STATEMENT
Edition statement 2nd ed.
260 ## - PUBLICATION, DISTRIBUTION, ETC.
Place of publication, distribution, etc. Malden, MA :
Name of publisher, distributor, etc. Wiley-Blackwell,
Date of publication, distribution, etc. c2009.
300 ## - PHYSICAL DESCRIPTION
Extent xi, 522 p. :
Other physical details ill., maps ;
Dimensions 25 cm.
440 #0 - SERIES STATEMENT/ADDED ENTRY--TITLE
Title Blackwell anthologies in social and cultural anthropology
9 (RLIN) 19983
504 ## - BIBLIOGRAPHY, ETC. NOTE
Bibliography, etc. note Includes bibliographical references and index.
650 #0 - SUBJECT ADDED ENTRY--TOPICAL TERM
Topical term or geographic name entry element Anthropological linguistics.
9 (RLIN) 19984
700 1# - ADDED ENTRY--PERSONAL NAME
Personal name Duranti, Alessandro.
9 (RLIN) 19985
906 ## - LOCAL DATA ELEMENT F, LDF (RLIN)
a 7
b cbc
c orignew
d 1
e ecip
f 20
g y-gencatlg
942 ## - ADDED ENTRY ELEMENTS (KOHA)
Source of classification or shelving scheme Dewey Decimal Classification
Koha item type Books like text book referance book
Suppress in OPAC No
Holdings
Withdrawn status Lost status Source of classification or shelving scheme Damaged status Not for loan Home library Current library Shelving location Date acquired Total Checkouts Full call number Barcode Date last seen Copy number Price effective from Koha item type
    Dewey Decimal Classification     Social Library Social Library General Stacks 11/23/2021   306.4408/lin SHLIB00012137 11/23/2021 c1 11/23/2021 Books like text book referance book
    Dewey Decimal Classification     Social Library Social Library General Stacks 11/23/2021   306,4408/lin SHLIB00012136 11/23/2021 c2 11/23/2021 Books like text book referance book